书目信息 |
| 题名: |
视距测量用表
|
|
| 作者: | ;测量计算用表编算组 编 | |
| 分册: | ||
| 出版信息: | 北京 测绘出版社 1975 |
|
| 页数: | 250页 | |
| 开本: | 19cm | |
| 丛书名: | ||
| 单 册: | ||
| 中图分类: | P202 | |
| 科图分类: | ||
| 主题词: | 测绘学 , 测量学 | |
| 电子资源: | ||
| ISBN: | ||
| 000 | 00739nam0 2200253 45 | |
| 001 | 0175002922 | |
| 005 | 20060818153359.00 | |
| 010 | @dCNY0.75 | |
| 091 | @a15039.新18 | |
| 100 | @a19951019d1975 em y0chiy0121 ea | |
| 101 | 0 | @achi |
| 102 | @aCN@b110000 | |
| 105 | @ay o 000yy | |
| 200 | 10 | @a视距测量用表@Ashi ju ce liang yong biao@f测量计算用表编算组编@Fce liang ji suan yong biao bian suan zu bian |
| 210 | @a北京@c测绘出版社@d1975 | |
| 215 | @a250页@d19cm | |
| 300 | @a书后有三个附表 | |
| 606 | 0 | @a测绘学 |
| 606 | 0 | @a测量学 |
| 690 | @aP202@v3 | |
| 711 | 02 | @a测量计算用表编算组@Ace liang ji suan yong biao bian suan zu@4编 |
| 801 | 0 | @aCN@b广东省中山图书馆@c20060818 |
| 801 | 2 | @aCN@bNLC@c20060509 |
| 905 | @dP202@e127 | |
| 视距测量用表/测量计算用表编算组编.-北京:测绘出版社,1975 |
| 250页;19cm |
| 书后有三个附表 |
| ISBN :CNY0.75 |
| ● |
| 相关链接 |
|
|
|
|
正题名:视距测量用表
索取号:P202/127
 
预约/预借
| 序号 | 登录号 | 条形码 | 馆藏地/架位号 | 状态 | 备注 |
| 1 | 0007860 | 202289157 | 密集书库/ [索取号:P202/127] | 在馆 | |
| 2 | 0007864 | 202289237 | 密集书库/ [索取号:P202/127] | 在馆 | |
| 3 | 0007865 | 202289273 | 密集书库/ [索取号:P202/127] | 在馆 | |
| 4 | 0007866 | 202289077 | 密集书库/ [索取号:P202/127] | 在馆 | |
| 5 | 0007867 | 202289111 | 密集书库/ [索取号:P202/127] | 在馆 | |
| 6 | 0007868 | 202289193 | 密集书库/ [索取号:P202/127] | 在馆 | |
| 7 | 0007869 | 202289451 | 密集书库/ [索取号:P202/127] | 在馆 | |
| 8 | 0007870 | 202289503 | 密集书库/ [索取号:P202/127] | 在馆 | |
| 9 | 0007871 | 001944285 | 第三借阅区/ [索取号:P202/127] | 在馆 | |
| 10 | 0007872 | 202289549 | 密集书库/ [索取号:P202/127] | 在馆 | |
| 11 | 0007873 | 202333466 | 密集书库/ [索取号:P202/127] | 在馆 | |
| 12 | 0007874 | 202220328 | 密集书库/ [索取号:P202/127] | 在馆 | |
| 13 | 0007875 | 202333475 | 密集书库/ [索取号:P202/127] | 在馆 | |
| 14 | 0007911 | 202289521 | 密集书库/ [索取号:P202/127] | 在馆 | |
| 15 | 0458593 | 204585939 | 密集书库/ [索取号:P202/127] | 在馆 |